| 000 | 00579nam a2200193 i 4500 | ||
|---|---|---|---|
| 001 | 40905 | ||
| 003 | ES-MaACL | ||
| 007 | t| | ||
| 008 | 030307s1943 sp ||||1| spa d | ||
| 100 | 1 |
_aCarli, Ferruccio. _935273 |
|
| 245 | 1 | 0 |
_aPío X y su tiempo / _cFerruccio Carli ; traducción de Carlos Becerra. |
| 260 |
_aBarcelona : _bLuis de Caralt, _c[1943] ( _fImprenta Comas) |
||
| 300 |
_a289 p., 22 lám. ; _c22 cm. |
||
| 600 | 0 | 4 |
_9239958 _aPío _bX, _cPapa, Santo |
| 700 | 1 |
_aBecerra, Carlos. _926876 |
|
| 852 |
_aES-MaACL _jB-2254 |
||
| 942 | _2udc | ||
| 999 |
_c40905 _d40905 |
||